000 00690nam a2200217Ia 4500
001 17128
003 GE_BSU
008 181216s||||||||xx |||||||||||||| ||und||
040 _cGE_BSU
080 _a82-93:821.353.1-32
100 _aგოთუა, ლ. (ლევან, 1905-1973)
245 _aმგზავრული კრიალოსანი
245 _cრედ.შ.დარახველიძე
260 _aთბილისი
260 _bნაკადული
260 _c1960
300 _a222 გვ. ; 23 სმ
653 _aმგზავრული კრიალოსანი
653 _aმოთხრობები
942 _cBK
999 _c50190
_d50190